| 000 | 02989nam a22002417a 4500 | ||
|---|---|---|---|
| 001 | 6474 | ||
| 003 | FISKH | ||
| 005 | 20250512151259.0 | ||
| 008 | 250506b cb ||||| |||| 00| 0 eng d | ||
| 040 |
_aFISKH _bkhr _cFISKH _dFISKH |
||
| 050 | _aPZ7 | ||
| 082 | _a294.5922 | ||
| 100 | _aSavoeurn, Var | ||
| 245 |
_aរឿង រាមកេរ្តិ៍ / _cសាស្ត្រាចារ្យ អក្សរសាស្រ្ត វ៉ា សាវឿន |
||
| 260 |
_aភ្នំពេញ : _c១៩៩៣ . |
||
| 300 |
_a119 pages : _billustrations ; _c21 cm . |
||
| 520 | _aរឿងរាមកេរ្តិ៍បង្ហាញពីប្រធានបទដូចជា ការប្រយុទ្ធរវាងល្អនិងអាក្រក់ សារៈសំខាន់នៃធម៌ និងអារម្មណ៍ជ្រាលជ្រៅនៃមនុស្ស។ វាក៏បង្ហាញពីតួនាទីរបស់ទេវតានានា និងអរូបីសត្វ ដើម្បីបង្ហាញពីទំនាក់ទំនងរវាងលោកទេវ និងលោកសកល។ រាមកេរ្តិ៍ មិនមែនត្រឹមតែជាស្នាដៃអក្សរសាស្ត្រតែប៉ុណ្ណោះទេ ប៉ុន្តែវាជាទ្រព្យសម្បត្តិវប្បធម៌ដ៏អភិរម្យដែលត្រូវបានបន្តជំនាន់ទៅជំនាន់។ វាមានឥទ្ធិពលយ៉ាងខ្លាំងលើសិល្បៈរាំ របាំ ឯកសិល្បៈ និងសិល្បៈវិចិត្រសិល្បៈរបស់កម្ពុជា។ រឿងរាមកេរ្តិ៍នៅតែជាចិន្តាដ៏សម្បូរធាតុសាសននិងធម៌ ដែលបន្តជាដើមប្រែចិត្ត និងចងចាំសម្រាប់អ្នកស្ដាប់នាពេលបច្ចុប្បន្ននិងអនាគតទៀតផង។ | ||
| 520 | _aThe Reamker story highlights themes such as the battle between good and evil, the importance of righteousness (dharma), and the depth of human emotions. It also portrays the roles of various deities and supernatural beings, emphasizing the connection between the divine realm and the mortal world. Reamker is not merely a literary work—it is a treasured cultural heritage that has been passed down through generations. It has had a profound influence on Cambodian performing arts, including classical dance, drama, and visual arts. The Reamker remains a rich source of spiritual and moral reflection, continuing to inspire and resonate with audiences today and into the future. | ||
| 650 | _aរាមកេរ្តិ៍ | ||
| 650 | _aReam ke | ||
| 942 |
_2ddc _cKHB _n0 |
||
| 999 |
_c6474 _d6474 |
||